[Event "Ludwigshafen-ch 12th"]
[Site "Ludwigshafen"]
[Date "1998.??.??"]
[Round "5"]
[White "Kolb, Egon"]
[Black "Hoegerl, Gerd"]
[Result "1/2-1/2"]
[WhiteElo "1968"]
[BlackElo "2141"]
[PlyCount "124"]
[EventDate "1998.??.??"]
[EventType "swiss"]
[EventRounds "7"]
[EventCountry "GER"]
[SourceTitle "EXT 2001"]
[Source "ChessBase"]
[SourceDate "2000.11.22"]
[SourceVersion "1"]
[SourceVersionDate "2000.11.22"]
[SourceQuality "1"]

1. d4 Nf6 2. c4 g6 3. Nc3 d5 4. Nf3 Bg7 5. Bg5 Ne4 6. cxd5 Nxg5 7. Nxg5 e6 8. Nf3 exd5 9. e3 c6 10. b4 0-0 11. Be2 Be6 12. Rc1 Nd7 13. 0-0 f5 14. a4 f4 15. e4 dxe4 16. Nxe4 Bd5 17. Nc3 Bf7 18. b5 Rc8 19. Ne4 Qe7 20. Bd3 c5 21. dxc5 Nxc5 22. Nxc5 Rxc5 23. Re1 Rxc1 24. Qxc1 Qd7 25. Bc4 Qc7 26. Bxf7+ Qxf7 27. Qc5 b6 28. Qe7 Bf6 29. Qe4 Bc3 30. Ng5 Qf6 31. Qc4+ Kh8 32. Qc7 Qxg5 33. Qxc3+ Kg8 34. Qc4+ Kg7 35. h3 Rf7 36. Qd4+ Qf6 37. Qxf6+ Kxf6 38. Re4 g5 39. Kf1 Re7 40. Rxe7 Kxe7 41. Ke2 Kd6 42. Kf3 Kc5 43. Kg4 Kb4 44. Kxg5 Kxa4 45. Kxf4 Kxb5 46. Ke3 a5 47. Kd3 a4 48. Kc3 Kc5 49. f4 b5 50. f5 b4+ 51. Kb2 b3 52. Kc3 h5 53. g4 hxg4 54. hxg4 Kd5 55. g5 Ke5 56. f6 Ke6 57. Kb2 Kf7 58. Ka3 Kg6 59. Kb2 Kf7 60. Ka3 Kg6 61. Kb2 Kf7 62. Kc3 Kg6 1/2-1/2

[Event "Ludwigshafen-ch 12th"]
[Site "Ludwigshafen"]
[Date "1998.??.??"]
[Round "1"]
[White "Kolb, Egon"]
[Black "Luettinger, Thomas"]
[Result "1-0"]
[WhiteElo "1968"]
[BlackElo "1432"]
[PlyCount "43"]
[EventDate "1998.??.??"]
[EventType "swiss"]
[EventRounds "7"]
[EventCountry "GER"]
[SourceTitle "EXT 2001"]
[Source "ChessBase"]
[SourceDate "2000.11.22"]
[SourceVersion "1"]
[SourceVersionDate "2000.11.22"]
[SourceQuality "1"]

1. d4 Nf6 2. c4 g6 3. Nc3 Bg7 4. e4 d6 5. Be2 0-0 6. Bg5 Re8 7. g4 b6 8. h4 Bb7 9. f3 c5 10. d5 e6 11. Qd2 Nbd7 12. h5 Ba6 13. hxg6 fxg6 14. dxe6 Rxe6 15. Nh3 Ne5 16. b3 Qf8 17. Nf4 Ree8 18. Ncd5 Rac8 19. 0-0-0 Rc6 20. Nxf6+ Bxf6 21. Qd5+ Kh8 22. Rxh7+ 1-0